00990nam a2200253 a 4500003000900000005001700009007000300026008004100029040002500070082001400095100003300109245010800142260004900250300002700299500006400326590002600390650005400416650007900470700004000549910001100589942001400600952010500614999001700719DO-SdBNP20240305122325.0ta220601e2010 dr ||||gr|||| 000 pdspa d aDO-SdBNPbspacBNPHU 4222bT693e1 aTorres Ulloa, Alfonso95862010aEspumas de soledades :bun canto de redención. /cAlfonso Torres Ulloa, Pintura portada, Silvano Lora aSanto Domingo :bLeo Antillas, C & A, c2010 a81 p. :bil. ;c22 cm. aIncluye datos biográficos del autor en la contracubierta. aInventariado 2022 /MF 4963346aPoesía DominicanaxLiteratura Dominicana 0923590aPoesías xHistoria y CríticaySiglo XIXzRepública Dominicana1 945559aLora, Silvanoepint. portada aMFeliz 2ddccLBS1 00102ddc51708PDaBNPHUbBNPHUcHDd2022-06-01l0oT693ep2022-2569r2022-06-01w2022-06-01yLBS1 c51876d51876